000 01177nam a2200301Ia 4500
001 ebr10257564
003 CaPaEBR
006 m u
007 cr cn|||||||||
008 080530s2009 inua s 001 0 eng d
020 _z9780470264355 (pbk.)
020 _z0470264357 (pbk.)
040 _aCaPaEBR
_cCaPaEBR
035 _a(OCoLC)609987207
050 1 4 _aTR267.5.A355
_bK46 2009eb
100 1 _aKent, Lynette.
245 1 0 _aTeach yourself visually Adobe Photoshop Lightroom 2
_h[electronic resource] /
_cby Lynette Kent.
246 3 0 _aAdobe Photoshop Lightroom 2
260 _aIndianapolis, IN :
_bVisual,
_cc2009.
300 _a338 p. :
_bcol. ill.
500 _aIncludes index.
533 _aElectronic reproduction.
_bPalo Alto, Calif. :
_cebrary,
_d2009.
_nAvailable via World Wide Web.
_nAccess may be limited to ebrary affiliated libraries.
630 0 0 _aAdobe Photoshop lightroom.
650 0 _aPhotography
_xDigital techniques
_vAmateurs' manuals.
655 7 _aElectronic books.
_2local
710 2 _aebrary, Inc.
856 4 0 _uhttp://site.ebrary.com/lib/rucke/Doc?id=10257564
_zAn electronic book accessible through the World Wide Web; click to view
999 _c32009
_d32009